<?xml version="1.0" encoding="UTF-8"?><?xml-stylesheet type="text/xsl" href="static/style.xsl"?><OAI-PMH xmlns="http://www.openarchives.org/OAI/2.0/" xmlns:xsi="http://www.w3.org/2001/XMLSchema-instance" xsi:schemaLocation="http://www.openarchives.org/OAI/2.0/ http://www.openarchives.org/OAI/2.0/OAI-PMH.xsd"><responseDate>2026-06-01T23:35:06Z</responseDate><request verb="GetRecord" identifier="oai:riuma.uma.es:10630/4666" metadataPrefix="marc">https://riuma.uma.es/rest/oai/request</request><GetRecord><record><header><identifier>oai:riuma.uma.es:10630/4666</identifier><datestamp>2026-02-03T12:48:32Z</datestamp><setSpec>com_10630_4046</setSpec><setSpec>com_10630_10</setSpec><setSpec>col_10630_4639</setSpec></header><metadata><record xmlns="http://www.loc.gov/MARC21/slim" xmlns:dcterms="http://purl.org/dc/terms/" xmlns:doc="http://www.lyncode.com/xoai" xmlns:xsi="http://www.w3.org/2001/XMLSchema-instance" xsi:schemaLocation="http://www.loc.gov/MARC21/slim http://www.loc.gov/standards/marcxml/schema/MARC21slim.xsd">
   <leader>00925njm 22002777a 4500</leader>
   <datafield ind2=" " ind1=" " tag="042">
      <subfield code="a">dc</subfield>
   </datafield>
   <datafield ind2=" " ind1=" " tag="720">
      <subfield code="a">Mena Yuste, María</subfield>
      <subfield code="e">author</subfield>
   </datafield>
   <datafield ind2=" " ind1=" " tag="720">
      <subfield code="a">Pericón Ramón, Roser</subfield>
      <subfield code="e">author</subfield>
   </datafield>
   <datafield ind2=" " ind1=" " tag="260">
      <subfield code="c">2011-06-30</subfield>
   </datafield>
   <datafield ind2=" " ind1=" " tag="520">
      <subfield code="a">Las unidades de asesoramiento psicopedagógico y psicológico, por sus&#xd;
características, devienen un espacio con potencialidades para fomentar la&#xd;
participación y el empoderamiento del estudiantado. En esta comunicación se&#xd;
pretende reflexionar sobre esta cuestión, así como presentar diferentes&#xd;
intervenciones que en la Universidad Autónoma de Barcelona se realizan en este&#xd;
sentido.&#xd;
El contacto constante con el estudiantado, su enfoque holístico sobre los procesos&#xd;
de aprendizaje, su visión de la universidad más allá de lo puramente académico, el&#xd;
compromiso social con su contexto, etc. constituyen un marco para estas unidades&#xd;
donde la potenciación del estudiantado implicado con su universidad y su entorno&#xd;
es imprescindible. Consideramos básico este enfoque, puesto que entendemos que&#xd;
el ámbito de actuación de estas unidades también debe ser la prevención e&#xd;
intervención en ámbitos educativos y sociales.&#xd;
Los cambios propiciados por el nuevo marco europeo de aprendizaje también son&#xd;
una oportunidad para reflexionar sobre nuestra praxis. No debemos olvidar que el&#xd;
marco europeo valora la implicación y participación del estudiantado en su propia&#xd;
universidad a través del reconocimiento de estas tareas.&#xd;
Cambios en diversos programas de la UAP se basan en esta nueva perspectiva para&#xd;
construir personas empoderadas, autónomas, participativas y críticas con su&#xd;
entorno. Ejemplos como la formación modular aplicada a las tutorías entre iguales,&#xd;
el programa de prevención de violencia de género “Qüestió de gènere? Parlem-ne!”,&#xd;
la formación en educación en el tiempo libre, etc. son formas de potenciar esta&#xd;
participación.&#xd;
Pensamos que este enfoque abre nuevas vías y áreas de intervención para nuestros&#xd;
servicios, siendo una oportunidad de mejora, de crecimiento y de enriquecimiento.&#xd;
En una época de crisis económica, consideramos que la autonomía de las personas,&#xd;
el apoyo mutuo y la organización de la sociedad civil son indispensables.</subfield>
   </datafield>
   <datafield ind1="8" ind2=" " tag="024">
      <subfield code="a">http://hdl.handle.net/10630/4666</subfield>
   </datafield>
   <datafield tag="653" ind2=" " ind1=" ">
      <subfield code="a">Estudiantes universitarios</subfield>
   </datafield>
   <datafield tag="653" ind2=" " ind1=" ">
      <subfield code="a">Orientación psicológica</subfield>
   </datafield>
   <datafield tag="653" ind2=" " ind1=" ">
      <subfield code="a">Orientación pedagógica</subfield>
   </datafield>
   <datafield tag="653" ind2=" " ind1=" ">
      <subfield code="a">Universidad Autónoma de Barcelona. Unitat d’Assessorament Psicopedagògic</subfield>
   </datafield>
   <datafield ind2="0" ind1="0" tag="245">
      <subfield code="a">Nuevas formas de intervención desde los SPPU: una propuesta para la consolidación de nuestros servicios</subfield>
   </datafield>
</record>
</metadata></record></GetRecord></OAI-PMH>